书目信息 |
| 题名: |
大数据
|
|
| 作者: | 霍尔姆斯 著 ;李德俊 , 洪艳青 译 | |
| 分册: | ||
| 出版信息: | 南京 译林出版社 2020 |
|
| 页数: | 120页 | |
| 开本: | 21cm | |
| 丛书名: | 牛津通识读本 | |
| 单 册: | ||
| 中图分类: | TP274 | |
| 科图分类: | ||
| 主题词: | 数据处理--shu ju chu li | |
| 电子资源: | ||
| ISBN: | 978-7-5447-8343-9 | |
| 000 | 01133nam 2200313 450 | |
| 001 | 0100028391 | |
| 005 | 20211025120153.0 | |
| 010 | @a978-7-5447-8343-9@dCNY39.00 | |
| 099 | @aCAL 012020374418 | |
| 100 | @a20201030d2020 em y0chiy50 ea | |
| 101 | 1 | @achi@ceng |
| 102 | @aCN@b320000 | |
| 105 | @aa z 001yy | |
| 106 | @ar | |
| 200 | 1 | @a大数据@Ada shu ju@d= Big data a very short introduction@f(美国) 道恩·E.霍尔姆斯著@g李德俊, 洪艳青译@zeng |
| 210 | @a南京@c译林出版社@d2020 | |
| 215 | @a120页@c图@d21cm | |
| 225 | 2 | @a牛津通识读本@Aniu jin tong shi du ben |
| 320 | @a有索引 | |
| 330 | @a本书主要内容包括: 数据爆炸、大数据为什么不一般? 、大数据存储、大数据分析法、大数据与医学、大数据, 大商务、大数据安全与斯诺登事件、大数据与社会、字节大小量表。 | |
| 410 | 0 | @12001 @a牛津通识读本 |
| 500 | 10 | @aBig data a very short introduction@mChinese |
| 606 | 0 | @a数据处理@Ashu ju chu li |
| 690 | @aTP274@v5 | |
| 701 | 1 | @a霍尔姆斯@Ahuo er mu si@g(Holmes, Dawn E.)@4著 |
| 702 | 0 | @a李德俊@Ali de jun@4译 |
| 702 | 0 | @a洪艳青@Ahong yan qing@4译 |
| 801 | 0 | @aCN@c20210909 |
| 905 | @a河南城建学院图书馆@dTP274@eH965 | |
| 大数据= Big data a very short introduction/(美国) 道恩·E.霍尔姆斯著/李德俊, 洪艳青译.-南京:译林出版社,2020 |
| 120页:图;21cm.-(牛津通识读本) |
| ISBN 978-7-5447-8343-9:CNY39.00 |
| 本书主要内容包括: 数据爆炸、大数据为什么不一般? 、大数据存储、大数据分析法、大数据与医学、大数据, 大商务、大数据安全与斯诺登事件、大数据与社会、字节大小量表。 |
| ● |
| 相关链接 |
|
|
|
正题名:大数据
索取号:TP274/H965
 
预约/预借
| 序号 | 登录号 | 条形码 | 馆藏地/架位号 | 状态 | 备注 |
| 1 | 1544993 | 215449931 | 自科库301/301自科库 42排3列4层/ [索取号:TP274/H965] | 在馆 |